Cơ học chất lỏng ứng dụng

Uloženo v:
Podrobná bibliografie
Hlavní autor: Phạm Văn Vĩnh
Médium: Kniha
Jazyk:Undetermined
Vydáno: Hà Nội Giáo Dục 2001
Témata:
Tagy: Přidat tag
Žádné tagy, Buďte první, kdo otaguje tento záznam!
Thư viện lưu trữ: Trung tâm Học liệu Trường Đại học Cần Thơ
LEADER 00470nam a2200169Ia 4500
001 CTU_41426
008 210402s9999 xx 000 0 und d
082 |a 620.106 
082 |b V312 
100 |a Phạm Văn Vĩnh 
245 0 |a Cơ học chất lỏng ứng dụng 
245 0 |c Phạm Văn Vĩnh 
260 |a Hà Nội 
260 |b Giáo Dục 
260 |c 2001 
650 |a fluid mechanics 
980 |a Trung tâm Học liệu Trường Đại học Cần Thơ